[Event "Ceske Budejovice IM"]
[Site "Ceske Budejovice"]
[Date "2022.07.03"]
[Round "3"]
[White "Lajbl, Jan"]
[Black "Nagy, Ladislav1111"]
[Result "1/2-1/2"]
[WhiteElo "2212"]
[BlackElo "2209"]
[PlyCount "82"]
[EventDate "2022.07.01"]
[EventType "tourn"]
[EventRounds "9"]
[EventCountry "CZE"]
[EventCategory "4"]
[SourceTitle "CBM 209 Extra"]
[Source "ChessBase"]
[SourceDate "2022.09.30"]
[SourceVersion "1"]
[SourceVersionDate "2022.09.30"]
[SourceQuality "1"]

1. e4 e5 2. Nf3 Nc6 3. d4 exd4 4. Nxd4 Bc5 5. Be3 Qf6 6. c3 Nge7 7. Bc4 Ne5 8. Be2 Qg6 9. 0-0 d6 10. Nd2 Bh3 11. Bf3 0-0 12. Kh1 Nxf3 13. Qxf3 Bd7 14. b4 Bb6 15. Nc4 Nc6 16. Nf5 Rfe8 17. Bxb6 axb6 18. Nce3 Ne7 19. Nxe7+ Rxe7 20. Nd5 Rxe4 21. Rae1 Rae8 22. Rxe4 Rxe4 23. Nxc7 h5 24. Nd5 Bc6 25. Qd1 Re5 26. c4 b5 27. f4 Re4 28. cxb5 Bxb5 29. Re1 Rxe1+ 30. Qxe1 Kh7 31. h3 Qf5 32. Qd2 Bc6 33. Ne7 Qxh3+ 34. Kg1 Qd7 35. Qc2+ g6 36. Nxc6 bxc6 37. a4 d5 38. a5 d4 39. Qd3 Qa7 40. Qc2 Qd7 41. Qd3 Qa7 1/2-1/2

[Event "Teplice op 15th"]
[Site "Teplice"]
[Date "2022.06.19"]
[Round "2"]
[White "Budisavljevic, Luka"]
[Black "Lajbl, Jan"]
[Result "1-0"]
[WhiteElo "2516"]
[BlackElo "2219"]
[PlyCount "105"]
[EventDate "2022.06.18"]
[EventType "swiss"]
[EventRounds "9"]
[EventCountry "CZE"]
[SourceTitle "CBM 209 Extra"]
[Source "ChessBase"]
[SourceDate "2022.09.30"]
[SourceVersion "1"]
[SourceVersionDate "2022.09.30"]
[SourceQuality "1"]

1. d4 Nf6 2. Nf3 d5 3. c4 e6 4. Nc3 c6 5. e3 Bd6 6. Bd3 Nbd7 7. 0-0 0-0 8. e4 dxe4 9. Nxe4 Nxe4 10. Bxe4 e5 11. dxe5 Nxe5 12. Nxe5 Bxe5 13. Bxh7+ Kxh7 14. Qh5+ Kg8 15. Qxe5 Re8 16. Qg3 Qd4 17. Bf4 Qxc4 18. Rfe1 Bf5 19. h4 Qd3 20. f3 Qd4+ 21. Kh2 Qf6 22. h5 Re6 23. Rxe6 Bxe6 24. Re1 Kh7 25. Re5 Bxa2 26. Rg5 Rg8 27. h6 g6 28. Be5 Qe6 29. Bc3 f5 30. Qc7+ Qf7 31. Qe5 Qd5 32. Qf6 Qd8 33. Rxg6 Qxf6 34. Rxf6 Rg6 35. Rxf5 Rxh6+ 36. Kg1 Rd6 37. Ra5 Bd5 38. Rxa7 c5 39. Kf2 Kg6 40. g4 Rd7 41. f4 Be6 42. Kf3 Rh7 43. Kg3 Rd7 44. Ra1 Rd3+ 45. Kh4 Rf3 46. Re1 Kf7 47. Kg5 Rg3 48. f5 Bd7 49. Rh1 b5 50. Rh7+ Ke8 51. Kf6 Rxg4 52. Rh8+ Rg8 53. Rxg8# 1-0

[Event "CZE-ch U18/20"]
[Site "Spindleruv Mlyn"]
[Date "2022.03.15"]
[Round "7"]
[White "Lajbl, Jan"]
[Black "Ocelak, Jakub"]
[Result "0-1"]
[WhiteElo "2218"]
[BlackElo "2053"]
[PlyCount "60"]
[EventDate "2022.03.10"]
[EventType "tourn"]
[EventRounds "11"]
[EventCountry "CZE"]
[EventCategory "2"]
[SourceTitle "CBM 207 Extra"]
[Source "ChessBase"]
[SourceDate "2022.05.31"]
[SourceVersion "1"]
[SourceVersionDate "2022.05.31"]
[SourceQuality "1"]

1. e4 e5 2. Nf3 Nc6 3. Bc4 Bc5 4. c3 Nf6 5. d4 exd4 6. b4 Bb6 7. e5 Ne4 8. Bd5 f5 9. cxd4 d6 10. e6 Qf6 11. Bb2 Ne7 12. Bb3 Bxe6 13. Bxe6 Qxe6 14. 0-0 0-0 15. Re1 Ng6 16. Nbd2 Rae8 17. Ng5 Qd5 18. Ngf3 Nf4 19. Nf1 Ng5 20. Ne3 Nxf3+ 21. gxf3 Qf7 22. Kh1 Nh3 23. Qd2 Qh5 24. Rg1 Nxg1 25. Rxg1 Qxf3+ 26. Rg2 d5 27. Kg1 f4 28. Ng4 Qe2 29. Nh6+ Kh8 30. Qe1 Qxe1# 0-1

[Event "CZE-chT1W 2122"]
[Site "Czech Republic"]
[Date "2022.02.20"]
[Round "9.1"]
[White "Rehorek, Martin"]
[Black "Lajbl, Jan"]
[Result "1-0"]
[WhiteElo "2319"]
[BlackElo "2201"]
[PlyCount "53"]
[EventDate "2021.10.10"]
[EventType "team-tourn"]
[EventRounds "11"]
[EventCountry "CZE"]
[SourceTitle "EXT 2023"]
[Source "ChessBase"]
[SourceDate "2022.10.05"]
[SourceVersion "1"]
[SourceVersionDate "2022.10.05"]
[SourceQuality "1"]
[WhiteTeam "Unichess"]
[BlackTeam "Ceske Budejovice"]
[WhiteTeamCountry "CZE"]
[BlackTeamCountry "CZE"]

1. Nf3 d5 2. e3 g6 3. c4 Nf6 4. b3 Bg7 5. Bb2 0-0 6. Be2 c5 7. cxd5 Nxd5 8. Bxg7 Kxg7 9. 0-0 Nc6 10. Qc1 Qd6 11. Nc3 b6 12. Ne4 Qd7 13. Rd1 e5 14. Bb5 Re8 15. d4 exd4 16. Nxd4 Bb7 17. Nxc6 Rxe4 18. f3 Rh4 19. e4 Bxc6 20. Rxd5 Qc7 21. Qc3+ Kg8 22. Bxc6 Qxc6 23. Rad1 Qc7 24. Qf6 Qxh2+ 25. Kf2 Rxe4 26. fxe4 Qh4+ 27. Qxh4 1-0